000 00736nam a2200253Ia 4500
003 OSt
005 20220925211112.0
006 a|||||r|||| 00| 0
007 ta
008 220923b |||||||| |||| 00| 0 eng d
020 _a8170337755
037 _cGeneral Book
040 _aRTL
_cRTL
_beng
041 _2eng
_aeng
082 _aY15:3(W:5), P1
100 _aAgosin Marjorie Ed.
_9149597
245 0 _aWomen, gender and human rights
_b A global perspective
260 _aJaipur
_bRawat Publications India
_c2001
300 _aix,339p
_ccm.
500 _aBibliography chapterwise
650 _aWoman Sociology
942 _hY15:3(W:5), P1
_cGB
_2CC
999 _c556752
_d556752